| 000 | 01264cam a2200253 4500 | ||
|---|---|---|---|
| 001 | ABS65882 | ||
| 008 | 020906n2002 000 0 eng u | ||
| 035 | _a(Sirsi) u119588 | ||
| 100 | _aGibson, S. | ||
| 245 | _aLocation, location, location | ||
| 260 | _c2002 | ||
| 490 |
_aInside Housing _v 30 August 2002, 14-15(2) |
||
| 520 | _aDiscusses the housing of ethnic minority communities focusing on research undertaken by the University of Birmingham's Centre for Urban and Regional Studies. As part of the work into the changing housing markets in the M62 corridor the places that faced race riots in the summer of 2001 were examined. With Asian communities often reluctant to live in social housing it was reported that young people from ethnic minority backgrounds were more willing to consider the option if it was provided in a multi-cultural area. Notes how in Oldham, the introduction of a choice-bases lettings scheme - Instant Homes has made a difference in proving the area is a safe place to live. | ||
| 590 | _aABS | ||
| 650 | _aETHNIC MINORITIES | ||
| 650 | _aLOCAL COMMUNITIES | ||
| 650 | _aOLDHAM | ||
| 650 | _aBURNLEY | ||
| 650 | _aBRADFORD | ||
| 650 | _aCIH | ||
| 650 | _aMIXED COMMUNITIES | ||
| 690 | _aREGENERATION | ||
| 942 | _n0 | ||
| 999 |
_c71105 _d71105 |
||